000 00276nam a2200121Ia 4500
008 241002s9999 xx 000 0 und d
082 _a808.4 FRE
100 _aFreud, Sigmund
245 0 _aLeonardo Daningi
260 _aNew York:
_c1963
600 _aLiterature
942 _cUC
999 _c18694
_d18694